00526nam a2200157 450000500170000001000150001702000250003203500140005703700090007108200250008010000220010524500790012726000500020627000920025630000200034820241121171901.0 aENG-142338 c300.00a978931032326 aEN-125870 bDBAD a372.323rd (revised) aNachiketa, Neeraj aScience & Technology:bFrom Inception to Advancement/cby Neeraj Nachiketa aHaryanabOakBridge Publishing Pvt. Ltd.c2022 aM 35, Ist Floor, Old DLF, Gurugram,bHaryanae122001k91 124 4305970minfo@oakbridge.in a641p.c23cm(pb)